| 000 | 00374nam a2200169Ia 4500 | ||
|---|---|---|---|
| 003 | OSt | ||
| 005 | 20240124113953.0 | ||
| 008 | 230312s9999||||xx |||||||||||||| ||und|| | ||
| 040 | _cABC | ||
| 082 |
_a612-WO _bFIR |
||
| 100 | _aFirdaus Muhammad | ||
| 245 | 0 | _aReview Of Physiology(WO) | |
| 300 | _a280 | ||
| 546 | _aEng. | ||
| 650 |
_aMedical _vPhysiology |
||
| 942 |
_cBK _2ddc |
||
| 999 |
_c2900 _d2900 |
||